[Event "7th Francophone-ch 2019"]
[Site "Paris"]
[Date "2019.08.11"]
[Round "8.5"]
[White "Bouget, Alexandre"]
[Black "Rakotomaharo, Fy Antenaina"]
[Result "1/2-1/2"]
[WhiteElo "2275"]
[BlackElo "2419"]
[Annotator "NA"]
[PlyCount "108"]
[EventDate "2019.08.04"]
[EventType "swiss"]
[EventCountry "FRA"]
[SourceTitle "playchess.com"]
[Source "ChessBase"]
[SourceQuality "1"]
[TimeControl "40/5400+30:1800+30"]

1. d4 {[%emt 0:00:00]} Nf6 {[%emt 0:00:00]} 2. c4 {[%emt 0:00:00]} g6 {[%emt 0:00:00]} 3. Nc3 {[%emt 0:00:00]} d5 {[%emt 0:00:00]} 4. cxd5 {[%emt 0:00:41]} Nxd5 {[%emt 0:00:00]} 5. e4 {[%emt 0:00:06]} Nxc3 {[%emt 0:00:00]} 6. bxc3 {[%emt 0:00:04]} Bg7 {[%emt 0:00:00]} 7. Ba3 {[%emt 0:00:07]} Nd7 {[%emt 0:02:07]} 8. Qb3 {[%emt 0:00:07]} c5 {[%emt 0:04:25]} 9. Rd1 {[%emt 0:00:12]} Qa5 {[%emt 0:01:50]} 10. Nf3 {[%emt 0:03:09]} O-O {[%emt 0:13:00]} 11. Be2 {[%emt 0:00:05]} Nf6 {[%emt 0:10:44]} 12. e5 {[%emt 0:21:04]} Be6 {[%emt 0:03:08]} 13. Qb2 {[%emt 0:00:09]} Nd5 {[%emt 0:00:38]} 14. Bxc5 {[%emt 0:02:09]} Nxc3 {[%emt 0:04:06]} 15. Qd2 {[%emt 0:11:32]} b6 {[%emt 0:05:24]} 16. Rc1 {[%emt 0:28:11]} (16. Bxe7 $17 Rfe8 17. Bd6) 16... bxc5 {[%emt 0:01:57]} 17. dxc5 $19 {[%emt 0:02:39]} (17. Qxc3 {might work better.} Qxc3+ 18. Rxc3) 17... Rab8 {[%emt 0:01:33]} 18. Bd3 {[%emt 0:12:34]} Qxa2 {[%emt 0:05:00]} 19. Rxc3 {[%emt 0:02:14]} Rb2 {[%emt 0:00:07]} 20. Rc2 {[%emt 0:07:06]} Rxc2 {[%emt 0:00:32]} 21. Qxc2 {[%emt 0:03:47]} Qa1+ {[%emt 0:02:10]} 22. Qb1 {[%emt 0:00:52]} Qc3+ {[%emt 0:10:10]} 23. Ke2 {[%emt 0:00:19]} Bh6 {[%emt 0:00:03]} 24. Qc2 {[%emt 0:01:09]} Qxc2+ {[%emt 0:00:09]} 25. Bxc2 {[%emt 0:00:06]} Rc8 {[%emt 0:00:01]} 26. Rd1 {[%emt 0:02:04]} Rxc5 {[%emt 0:00:19]} 27. Rd8+ {[%emt 0:00:04]} Kg7 {[%emt 0:00:03]} 28. Be4 {[%emt 0:01:23]} Ra5 {[%emt 0:02:05]} 29. Kd3 {[%emt 0:00:55]} Ra3+ {[%emt 0:02:40]} 30. Kd4 {[%emt 0:01:09]} Ra2 {[%emt 0:01:43]} 31. Ra8 {[%emt 0:00:26]} Bc1 {[%emt 0:00:56]} 32. Kd3 {[%emt 0:00:27]} g5 {[%emt 0:00:30]} 33. Nd4 {[%emt 0:00:18]} Bf4 {[%emt 0:04:05]} 34. Nxe6+ {[%emt 0:00:11]} fxe6 {[%emt 0:00:04]} 35. Re8 {[%emt 0:00:20]} Rd2+ {[%emt 0:00:06]} 36. Kc4 {[%emt 0:00:37]} Rd7 {[%emt 0:00:03]} 37. Bc6 {[%emt 0:00:59]} Rc7 {[%emt 0:00:25]} 38. Kb5 {[%emt 0:00:12]} Bxe5 {[%emt 0:00:18]} 39. Rd8 {[%emt 0:01:19]} h5 {[%emt 0:02:54]} 40. h3 {[%emt 0:00:10]} Bd6 {[%emt 0:00:46]} 41. Rd7 {[%emt 0:30:44]} a6+ {[%emt 0:30:57]} 42. Kb6 {[%emt 0:00:04]} Rc8 {[%emt 0:00:03]} 43. Ra7 {[%emt 0:00:00]} Rf8 {[%emt 0:00:00]} 44. f3 {[%emt 0:00:00]} Rf5 {[%emt 0:00:00]} 45. Rxa6 {[%emt 0:00:00]} Rc5 {[%emt 0:00:00]} 46. Ra5 {[%emt 0:00:00]} Rf5 {[%emt 0:00:00]} 47. Rxf5 {[%emt 0:00:00]} exf5 {[%emt 0:00:00]} 48. Be8 {[%emt 0:00:00]} Kf6 {[%emt 0:00:00]} 49. Kc6 {[%emt 0:00:00]} Ke5 {[%emt 0:00:00]} 50. Bxh5 {[%emt 0:00:00]} Kf4 {[%emt 0:00:00]} 51. g4 {[%emt 0:05:46]} fxg4 {[%emt 0:00:00]} 52. Bxg4 {[%emt 0:00:00]} Ba3 {[%emt 0:00:00]} 53. Kd5 {[%emt 0:00:00]} e5 {[%emt 0:00:00]} 54. Kc4 {[%emt 0:00:00]} Be7 {[%emt 0:00:00]} 1/2-1/2

[Event "7th Francophone-ch 2019"]
[Site "Paris"]
[Date "2019.08.11"]
[Round "8.6"]
[White "Aloma Vidal, Robert"]
[Black "Macon, Arthur"]
[Result "1/2-1/2"]
[WhiteElo "2419"]
[BlackElo "2270"]
[Annotator "NA"]
[PlyCount "85"]
[EventDate "2019.08.04"]
[EventType "swiss"]
[EventCountry "FRA"]
[SourceTitle "playchess.com"]
[Source "ChessBase"]
[SourceQuality "1"]
[TimeControl "40/5400+30:1800+30"]

1. e4 {[%emt 0:04:52]} c6 {[%emt 0:00:12]} 2. Nc3 {[%emt 0:06:35]} d5 {[%emt 0:00:32]} 3. Nf3 {[%emt 0:00:06]} dxe4 {[%emt 0:01:16]} 4. Nxe4 {[%emt 0:00:03]} Nf6 {[%emt 0:00:10]} 5. Nxf6+ {[%emt 0:02:43]} exf6 {[%emt 0:00:23]} 6. Bc4 {[%emt 0:00:26]} Bd6 {[%emt 0:03:24]} 7. Qe2+ {[%emt 0:00:16]} Qe7 {[%emt 0:01:36]} 8. Qxe7+ {[%emt 0:00:11] B11: Caro-Kann: Two Knights Variation} (8. d4 Na6 9. O-O Qxe2 10. Bxe2 Bf5 11. c3 Nc7 12. Nd2 Nd5 13. Nc4 Bc7 14. Ne3 Nxe3 15. Bxe3 O-O-O {½-½ (68) Adams,M (2712)-Tari,A (2618) Batumi 2018}) 8... Kxe7 {[%emt 0:01:51]} 9. O-O {[%emt 0:00:07]} Rd8 {[%emt 0:06:22]} 10. Re1+ {[%emt 0:00:24]} Kf8 {[%emt 0:00:12]} 11. h3 {[%emt 0:00:16]} Nd7 {[%emt 0:04:47]} 12. d4 {[%emt 0:00:12]} Nb6 {[%emt 0:00:28]} 13. Bd3 {[%emt 0:01:08]} h6 $146 {[%emt 0:04:18]} ({Predecessor:} 13... g6 14. c4 Nd7 15. c5 Bb8 {½-½ (40) Alexovic,J-Dlhy,J Slovakia 1995}) 14. c4 {[%emt 0:01:49]} Bb4 {[%emt 0:04:54]} 15. Re2 {[%emt 0:03:26]} Be6 {[%emt 0:04:04]} 16. b3 {[%emt 0:00:44]} Be7 {[%emt 0:14:11]} 17. g4 {[%emt 0:11:06]} g5 {[%emt 0:08:44]} 18. Kg2 {[%emt 0:03:35]} a5 {[%emt 0:01:55]} 19. a4 {[%emt 0:04:58]} Nd7 {[%emt 0:05:08]} 20. Be4 $16 {[%emt 0:02:45]} Nb8 {[%emt 0:02:25]} 21. Bd2 {[%emt 0:02:50]} Bb4 {[%emt 0:01:16]} 22. Bxb4+ {[%emt 0:04:10]} axb4 {[%emt 0:00:03]} 23. d5 {[%emt 0:01:32]} cxd5 {[%emt 0:01:37]} 24. cxd5 {[%emt 0:01:00]} Bd7 {[%emt 0:00:16]} 25. Rc1 {[%emt 0:04:34]} Na6 {[%emt 0:01:30]} 26. Nd4 {[%emt 0:13:51]} Rac8 {[%emt 0:04:12]} 27. Rxc8 {[%emt 0:06:32]} Rxc8 {[%emt 0:05:16]} 28. Bf5 {[%emt 0:03:49]} Bxf5 {[%emt 0:05:27]} 29. Nxf5 {[%emt 0:00:02]} Rd8 {[%emt 0:01:09]} 30. Rc2 {[%emt 0:01:53]} Ke8 {[%emt 0:06:08]} 31. Re2+ {[%emt 0:02:13]} Kf8 {[%emt 0:00:29]} 32. d6 {[%emt 0:00:49]} Nc5 {[%emt 0:01:09]} 33. Rc2 {[%emt 0:01:25]} Nxb3 {[%emt 0:04:43]} 34. Rc4 {[%emt 0:01:50]} Ke8 {[%emt 0:02:28]} 35. Rxb4 {[%emt 0:01:10]} Nc5 {[%emt 0:00:26]} 36. a5 {[%emt 0:01:16]} Kd7 {[%emt 0:03:42]} 37. Rc4 {[%emt 0:01:27]} Kc6 {[%emt 0:01:02]} 38. Rb4 {[%emt 0:07:07]} Ra8 {[%emt 0:00:36]} 39. Rb6+ {[%emt 0:00:19]} Kd7 {[%emt 0:00:33]} 40. Nxh6 {[%emt 0:03:17]} Rxa5 {[%emt 0:00:28]} 41. Nxf7 {[%emt 0:30:03]} Ra6 {[%emt 0:05:21]} 42. Rb5 {[%emt 0:00:00]} b6 {[%emt 0:01:29]} 43. h4 {[%emt 0:00:00]} 1/2-1/2

[Event "7th Francophone-ch 2019"]
[Site "Paris"]
[Date "2019.08.11"]
[Round "8.7"]
[White "Berend, Fred"]
[Black "Ralison, Milanto Harifidy"]
[Result "0-1"]
[WhiteElo "2350"]
[BlackElo "2291"]
[Annotator "NA"]
[PlyCount "158"]
[EventDate "2019.08.04"]
[EventType "swiss"]
[EventCountry "FRA"]
[SourceTitle "playchess.com"]
[Source "ChessBase"]
[SourceQuality "1"]
[TimeControl "40/5400+30:1800+30"]

1. d4 {[%emt 0:00:00]} Nf6 {[%emt 0:00:00]} 2. Bg5 {[%emt 0:00:00]} Ne4 {[%emt 0:00:00]} 3. Bf4 {[%emt 0:00:00]} d5 {[%emt 0:00:59]} 4. e3 {[%emt 0:00:00]} g6 {[%emt 0:00:52]} 5. Bd3 {[%emt 0:03:54]} Bg7 {[%emt 0:00:42]} 6. h4 {[%emt 0:06:24]} c5 {[%emt 0:02:40]} 7. c3 {[%emt 0:04:10]} h6 {[%emt 0:04:01]} 8. Nd2 {[%emt 0:06:49]} Nxd2 {[%emt 0:01:22]} 9. Qxd2 {[%emt 0:00:06]} Nc6 {[%emt 0:01:06]} 10. Nf3 {[%emt 0:02:16]} Qb6 {[%emt 0:01:54]} 11. Ne5 {[%emt 0:10:01]} c4 {[%emt 0:14:40]} 12. Bb1 {[%emt 0:02:02]} g5 {[%emt 0:05:29]} 13. Bg3 {[%emt 0:03:20]} Be6 $16 {[%emt 0:01:24]} 14. hxg5 {[%emt 0:05:07]} hxg5 {[%emt 0:01:26]} 15. Rxh8+ {[%emt 0:00:04]} Bxh8 {[%emt 0:00:07]} 16. Bh7 {[%emt 0:07:02]} O-O-O {[%emt 0:09:26]} 17. O-O-O {[%emt 0:02:24]} Bxe5 {[%emt 0:04:22]} 18. dxe5 {[%emt 0:00:34]} Qc7 {[%emt 0:01:15]} 19. Bc2 {[%emt 0:04:38]} b6 {[%emt 0:02:46]} 20. e4 {[%emt 0:14:39]} Nxe5 {[%emt 0:03:05]} 21. Qxg5 {[%emt 0:04:00]} f6 {[%emt 0:00:11]} 22. Qe3 {[%emt 0:00:41]} dxe4 {[%emt 0:15:19]} 23. Qxe4 {[%emt 0:03:21]} Rxd1+ {[%emt 0:00:24]} 24. Bxd1 {[%emt 0:01:26]} Qc6 {[%emt 0:01:28]} 25. Qxc6+ {[%emt 0:01:27]} Nxc6 {[%emt 0:00:06]} 26. Kd2 {[%emt 0:00:25]} Bd5 {[%emt 0:01:40]} 27. f3 {[%emt 0:01:25]} Kd7 {[%emt 0:01:11]} 28. Ke3 {[%emt 0:00:36]} e5 {[%emt 0:01:30]} 29. Bc2 {[%emt 0:00:58]} Ke6 {[%emt 0:02:04]} 30. Bh4 {[%emt 0:01:07]} Ne7 {[%emt 0:02:37]} 31. g4 {[%emt 0:01:06]} Bc6 {[%emt 0:01:18]} 32. Kf2 {[%emt 0:00:36]} Bd5 {[%emt 0:01:14]} 33. Bd1 {[%emt 0:04:02]} Nc8 {[%emt 0:01:31]} 34. Bc2 {[%emt 0:00:48]} Ne7 {[%emt 0:00:05]} 35. Ke2 {[%emt 0:00:59]} Bc6 {[%emt 0:01:29]} 36. Bh7 {[%emt 0:03:22]} Kf7 {[%emt 0:02:07]} 37. Bc2 {[%emt 0:04:35]} Ke6 {[%emt 0:00:06]} 38. Bg3 {[%emt 0:00:21]} b5 {[%emt 0:03:50]} 39. Bh2 {[%emt 0:02:50]} a6 {[%emt 0:01:16]} 40. Kf2 {[%emt 0:00:33]} Bb7 {[%emt 0:01:39]} 41. Kg3 {[%emt 0:31:18]} Bc6 {[%emt 0:31:10]} 42. Bg1 {[%emt 0:00:27]} Nd5 {[%emt 0:03:19]} 43. Bf5+ {[%emt 0:00:00]} Kd6 {[%emt 0:00:00]} 44. Ba7 {[%emt 0:00:00]} Nf4 {[%emt 0:00:00]} 45. Bb8+ {[%emt 0:00:00]} Ke7 {[%emt 0:00:00]} 46. Bc7 {[%emt 0:00:00]} Nd3 {[%emt 0:00:00]} 47. b3 {[%emt 0:00:00]} cxb3 {[%emt 0:00:00]} 48. axb3 {[%emt 0:00:00]} Nc1 {[%emt 0:00:00]} 49. g5 {[%emt 0:00:00]} Nxb3 {[%emt 0:00:00]} 50. g6 {[%emt 0:00:00]} Bd5 {[%emt 0:00:00]} 51. Bc2 {[%emt 0:00:00]} Nd2 {[%emt 0:00:00]} 52. Bd1 {[%emt 0:02:26]} Kf8 {[%emt 0:00:00]} 53. f4 {[%emt 0:00:50]} Ne4+ {[%emt 0:00:00]} 54. Kh4 {[%emt 0:00:44]} Nxc3 {[%emt 0:00:00]} 55. Bg4 {[%emt 0:00:14]} exf4 {[%emt 0:00:00]} 56. Bxf4 {[%emt 0:00:30]} Kg7 {[%emt 0:00:00]} 57. Kh5 {[%emt 0:00:09]} b4 {[%emt 0:00:00]} 58. Bh6+ {[%emt 0:00:18]} Kg8 {[%emt 0:00:00]} 59. Bd2 {[%emt 0:00:18]} a5 {[%emt 0:00:17]} 60. Kh6 {[%emt 0:00:02]} Ne4 {[%emt 0:05:15]} 61. Bf4 {[%emt 0:00:38]} b3 {[%emt 0:01:19]} 62. Bf5 {[%emt 0:00:33]} b2 {[%emt 0:00:56]} 63. g7 {[%emt 0:00:20]} Kf7 {[%emt 0:00:12]} 64. Bg6+ {[%emt 0:03:38]} Ke7 {[%emt 0:00:06]} 65. Bxe4 {[%emt 0:01:10]} Bxe4 {[%emt 0:00:25]} 66. g8=Q {[%emt 0:00:04]} b1=Q {[%emt 0:00:15]} 67. Qg3 {[%emt 0:00:41]} Qh1+ {[%emt 0:01:05]} 68. Qh2 {[%emt 0:00:03]} Qxh2+ 69. Bxh2 {[%emt 0:00:00]} a4 {[%emt 0:00:38]} 70. Bf4 {[%emt 0:00:05]} a3 {[%emt 0:00:11]} 71. Bc1 {[%emt 0:00:02]} a2 {[%emt 0:00:04]} 72. Bb2 {[%emt 0:00:02]} Ke6 {[%emt 0:00:35]} 73. Kh5 {[%emt 0:00:05]} f5 {[%emt 0:00:16]} 74. Kg5 {[%emt 0:00:14]} Kd5 {[%emt 0:00:05]} 75. Kf4 {[%emt 0:00:03]} Kc4 {[%emt 0:00:19]} 76. Ke3 {[%emt 0:00:06]} Kb3 {[%emt 0:00:07]} 77. Be5 {[%emt 0:00:22]} Kc2 {[%emt 0:00:07]} 78. Kf4 {[%emt 0:01:29]} Kb1 {[%emt 0:00:09]} 79. Bd4 {[%emt 0:00:14]} a1=Q {[%emt 0:00:09]} 0-1

[Event "7th Francophone-ch 2019"]
[Site "Paris"]
[Date "2019.08.11"]
[Round "8.8"]
[White "Shirazi, Kamran"]
[Black "Sim, Sylvain"]
[Result "1-0"]
[WhiteElo "2343"]
[BlackElo "2211"]
[Annotator "NA"]
[PlyCount "97"]
[EventDate "2019.08.04"]
[EventType "swiss"]
[EventCountry "FRA"]
[SourceTitle "playchess.com"]
[Source "ChessBase"]
[SourceQuality "1"]
[TimeControl "40/5400+30:1800+30"]

1. c4 {[%emt 0:01:13]} Nf6 {[%emt 0:00:14]} 2. g3 {[%emt 0:00:26]} e6 {[%emt 1:30:46]} 3. Bg2 {[%emt 0:00:17]} d5 {[%emt 0:00:30]} 4. Nf3 {[%emt 0:00:15]} c6 {[%emt 0:00:00]} 5. b3 {[%emt 0:01:10]} Bd6 {[%emt 0:00:00]} 6. O-O {[%emt 0:00:19]} O-O {[%emt 0:00:00]} 7. Bb2 {[%emt 0:00:11]} Nbd7 {[%emt 0:00:00]} 8. d3 {[%emt 0:00:16]} Re8 {[%emt 0:00:00]} 9. Nc3 {[%emt 0:02:09] A13: English Opening: 1...e6} Qe7 {[%emt 0:00:00]} 10. Qc2 {[%emt 0:00:47]} Ba3 {[%emt 0:00:00]} 11. Bxa3 {[%emt 0:00:25]} Qxa3 {[%emt 0:00:00]} 12. cxd5 $146 {[%emt 0:00:05]} ({Predecessor:} 12. Rfe1 a5 13. cxd5 Nxd5 14. Nd2 N7b6 15. Ncb1 Qe7 16. a3 e5 {½-½ (31) Kanovsky,D (2385)-Stachowiak,K (2474) Teplice 2013}) 12... exd5 {[%emt 0:00:00]} 13. e4 {[%emt 0:00:04]} dxe4 {[%emt 0:00:00]} 14. dxe4 {[%emt 0:00:02]} Qc5 {[%emt 0:00:00]} 15. Ne1 {[%emt 0:04:44]} Qh5 {[%emt 0:00:00]} 16. f3 {[%emt 0:03:19]} Nf8 {[%emt 0:00:00]} 17. Nd3 {[%emt 0:00:41]} Bh3 {[%emt 0:00:00]} 18. Nf4 {[%emt 0:40:20]} Qc5+ {[%emt 0:00:00]} 19. Rf2 {[%emt 0:00:07]} Bxg2 {[%emt 0:00:00]} 20. Kxg2 {[%emt 0:00:09]} Ne6 {[%emt 0:00:00]} 21. Nxe6 {[%emt 0:00:46]} Rxe6 $14 {[%emt 0:00:00]} 22. Rd1 {[%emt 0:00:02]} Qb6 {[%emt 0:00:00]} 23. Rfd2 {[%emt 0:00:59]} Ree8 {[%emt 0:00:00]} 24. Na4 {[%emt 0:00:56]} Qc7 {[%emt 0:00:00]} 25. Nc5 {[%emt 0:00:59]} Qe7 {[%emt 0:00:00]} 26. Rd6 {[%emt 0:01:45]} Rec8 {[%emt 0:00:00]} 27. R6d4 {[%emt 0:04:57]} g6 {[%emt 0:00:00]} 28. Qc3 {[%emt 0:03:49]} b6 {[%emt 0:00:00]} 29. Na4 {[%emt 0:07:44]} c5 {[%emt 0:01:30]} 30. Rd6 {[%emt 0:01:31]} Rd8 {[%emt 0:00:28]} 31. Qd2 {[%emt 0:00:23]} Rxd6 {[%emt 0:00:33]} 32. Qxd6 {[%emt 0:00:02]} Re8 {[%emt 0:00:44]} 33. Nc3 {[%emt 0:00:08]} Kg7 {[%emt 0:01:30]} 34. Nb5 {[%emt 0:04:56]} Qxd6 {[%emt 0:01:09]} 35. Nxd6 {[%emt 0:01:03]} Re7 {[%emt 0:00:34]} 36. Kf2 {[%emt 0:03:36]} a6 {[%emt 0:05:53]} 37. g4 {[%emt 0:02:07]} h6 {[%emt 0:00:54]} 38. h4 {[%emt 0:00:17]} Kf8 {[%emt 0:02:34]} 39. Nc8 {[%emt 0:00:31]} Rd7 {[%emt 0:00:28]} 40. Rc1 {[%emt 0:01:04]} b5 {[%emt 0:01:35]} 41. Rxc5 {[%emt 0:30:56]} Rd2+ {[%emt 0:30:25]} 42. Kg3 {[%emt 0:00:33]} Rxa2 {[%emt 0:00:13]} 43. Rc6 {[%emt 0:01:45]} Ne8 {[%emt 0:00:00]} 44. Nb6 {[%emt 0:00:00]} Rb2 {[%emt 0:00:00]} 45. Nd5 {[%emt 0:00:00]} Kg7 {[%emt 0:00:00]} 46. b4 {[%emt 0:00:00]} Ra2 {[%emt 0:00:00]} 47. g5 {[%emt 0:00:00]} hxg5 {[%emt 0:00:00]} 48. hxg5 {[%emt 0:00:00]} f6 {[%emt 0:00:00]} 49. gxf6+ {[%emt 0:16:42]} 1-0

[Event "7th Francophone-ch 2019"]
[Site "Paris"]
[Date "2019.08.11"]
[Round "8.9"]
[White "Dardha, Daniel"]
[Black "Chandesris, Ludovic"]
[Result "1/2-1/2"]
[WhiteElo "2420"]
[BlackElo "2272"]
[Annotator "NA"]
[PlyCount "110"]
[EventDate "2019.08.04"]
[EventType "swiss"]
[EventCountry "FRA"]
[SourceTitle "playchess.com"]
[Source "ChessBase"]
[SourceQuality "1"]
[TimeControl "40/5400+30:1800+30"]

1. c4 {[%emt 0:01:57]} f5 {[%emt 0:00:00]} 2. Nf3 {[%emt 0:00:53]} Nf6 {[%emt 0:00:11]} 3. d4 {[%emt 0:01:01]} e6 {[%emt 0:00:40]} 4. d5 {[%emt 0:00:53]} exd5 {[%emt 0:09:56]} 5. cxd5 {[%emt 0:00:34]} Bb4+ {[%emt 0:01:38]} 6. Bd2 {[%emt 0:02:28]} Nxd5 {[%emt 0:06:04]} 7. Bxb4 {[%emt 0:01:44]} Nxb4 {[%emt 0:00:07]} 8. Nc3 {[%emt 0:02:27]} c6 {[%emt 0:01:37]} 9. e3 {[%emt 0:20:54]} d5 {[%emt 0:01:06]} 10. g3 {[%emt 0:01:47]} O-O {[%emt 0:04:15]} 11. Bg2 {[%emt 0:00:28]} Nd7 {[%emt 0:03:20]} 12. O-O {[%emt 0:01:28]} Nf6 {[%emt 0:01:58]} 13. a3 {[%emt 0:01:58]} Na6 {[%emt 0:00:05]} 14. b4 {[%emt 0:00:42]} Nc7 {[%emt 0:02:39]} 15. Qb3 {[%emt 0:02:59]} a6 {[%emt 0:08:22]} 16. a4 {[%emt 0:02:37]} Ne4 {[%emt 0:05:29]} 17. Rfd1 {[%emt 0:00:35]} Qf6 {[%emt 0:02:17]} 18. Rac1 {[%emt 0:00:45]} Be6 {[%emt 0:05:09]} 19. Nd4 $15 {[%emt 0:01:54]} Bf7 {[%emt 0:01:02]} 20. Qb1 {[%emt 0:14:59]} Rfd8 {[%emt 0:06:04]} 21. b5 {[%emt 0:05:54]} axb5 {[%emt 0:12:55]} 22. axb5 {[%emt 0:00:04]} Nxc3 {[%emt 0:03:24]} 23. Rxc3 {[%emt 0:00:03]} Ne6 {[%emt 0:00:34]} 24. bxc6 {[%emt 0:08:47]} Nxd4 {[%emt 0:01:02]} 25. Rxd4 {[%emt 0:00:16]} bxc6 {[%emt 0:00:12]} 26. h4 {[%emt 0:00:43]} Rab8 {[%emt 0:02:08]} 27. Qc2 {[%emt 0:00:44]} Be8 {[%emt 0:00:57]} 28. Kh2 {[%emt 0:01:08]} Rb6 {[%emt 0:00:59]} 29. Rf4 {[%emt 0:06:13]} g6 {[%emt 0:03:04]} 30. Rb3 {[%emt 0:03:18]} Rdb8 {[%emt 0:01:02]} 31. Rxb6 {[%emt 0:00:11]} Rxb6 {[%emt 0:00:04]} 32. Qa4 {[%emt 0:06:21]} Qe5 {[%emt 0:02:23]} 33. Qa5 {[%emt 0:02:52]} Rb5 {[%emt 0:01:44]} 34. Qa7 {[%emt 0:00:48]} Rb2 {[%emt 0:00:48]} 35. Qa1 {[%emt 0:01:09]} Qg7 {[%emt 0:01:41]} 36. Qa8 {[%emt 0:01:01]} Qe7 {[%emt 0:03:00]} 37. h5 {[%emt 0:02:01]} Kg7 {[%emt 0:04:44]} 38. Ra4 {[%emt 0:03:01]} Rb7 {[%emt 0:02:23]} 39. hxg6 {[%emt 0:00:21]} hxg6 {[%emt 0:01:39]} 40. Rh4 {[%emt 0:00:08]} Kg8 {[%emt 0:00:25]} 41. Qa1 {[%emt 0:09:30]} Qg7 {[%emt 0:00:00]} 42. Qa4 {[%emt 0:01:35]} Qf8 {[%emt 0:01:54]} 43. Kg1 {[%emt 0:04:54]} Rb1+ {[%emt 0:04:20]} 44. Kh2 {[%emt 0:00:15]} Rb7 {[%emt 0:00:34]} 45. Kg1 {[%emt 0:06:52]} Rb1+ {[%emt 0:00:19]} 46. Bf1 {[%emt 0:00:51]} c5 {[%emt 0:15:00]} 47. Qa2 {[%emt 0:01:15]} Rb4 {[%emt 0:00:18]} 48. Qxd5+ {[%emt 0:03:12]} Bf7 {[%emt 0:00:04]} 49. Qh1 {[%emt 0:01:55]} Rxh4 {[%emt 0:00:19]} 50. Qxh4 {[%emt 0:00:04]} Qd6 {[%emt 0:01:08]} 51. Qa4 {[%emt 0:03:35]} Qd5 {[%emt 0:02:59]} 52. Bg2 {[%emt 0:01:07]} Qd2 {[%emt 0:01:18]} 53. Qa8+ {[%emt 0:00:25]} Kg7 {[%emt 0:00:15]} 54. Qa1+ {[%emt 0:00:09]} Kg8 {[%emt 0:02:04]} 55. Qa8+ {[%emt 0:00:09]} Kg7 {[%emt 0:00:52]} 1/2-1/2

[Event "7th Francophone-ch 2019"]
[Site "Paris"]
[Date "2019.08.11"]
[Round "8.10"]
[White "Toulzac, Pierre-Yves"]
[Black "Piscopo, Pierluigi"]
[Result "0-1"]
[WhiteElo "2096"]
[BlackElo "2407"]
[Annotator "NA"]
[PlyCount "50"]
[EventDate "2019.08.04"]
[EventType "swiss"]
[EventCountry "FRA"]
[SourceTitle "playchess.com"]
[Source "ChessBase"]
[SourceQuality "1"]
[TimeControl "40/5400+30:1800+30"]

1. f4 {[%emt 0:00:00]} d5 {[%emt 0:02:04]} 2. Nf3 {[%emt 0:02:08]} g6 {[%emt 0:00:21]} 3. g3 {[%emt 0:00:56]} c6 {[%emt 0:00:16]} 4. Bg2 {[%emt 0:00:53]} Qb6 {[%emt 0:00:27]} 5. e3 {[%emt 0:04:54]} Bg7 {[%emt 0:13:50]} 6. Nc3 {[%emt 0:01:43]} Bg4 {[%emt 0:02:56]} 7. Qe2 {[%emt 0:08:37]} e6 {[%emt 0:15:06]} 8. d3 {[%emt 0:12:48]} Nd7 {[%emt 0:04:39]} 9. O-O {[%emt 0:14:40]} Ne7 {[%emt 0:01:31]} 10. h3 {[%emt 0:09:43]} Bxf3 {[%emt 0:00:10]} 11. Bxf3 {[%emt 0:01:27]} O-O {[%emt 0:02:05]} 12. Kh2 {[%emt 0:00:34]} e5 {[%emt 0:05:43]} 13. e4 {[%emt 0:01:03]} dxe4 $11 {[%emt 0:02:07]} 14. Nxe4 {[%emt 0:06:58]} exf4 {[%emt 0:05:47]} 15. gxf4 {[%emt 0:02:58]} Qc7 {[%emt 0:03:20]} 16. Ng3 {[%emt 0:01:51]} Rfe8 {[%emt 0:07:27]} 17. Qg2 {[%emt 0:00:15]} Nd5 {[%emt 0:04:25]} 18. c3 {[%emt 0:02:47]} Rad8 {[%emt 0:11:30]} 19. Kh1 {[%emt 0:03:10]} Ne3 {[%emt 0:01:51]} 20. Bxe3 {[%emt 0:00:38]} Rxe3 {[%emt 0:00:02]} 21. Be4 {[%emt 0:02:28]} Nf6 {[%emt 0:01:52]} 22. Qf2 {[%emt 0:01:40]} Qb6 {[%emt 0:00:16]} 23. Rg1 {[%emt 0:06:19]} Nxe4 {[%emt 0:01:47]} 24. dxe4 {[%emt 0:00:11]} Rdd3 {[%emt 0:00:04]} 25. Kh2 {[%emt 0:00:23]} Rxg3 {[%emt 0:01:31]} 0-1

[Event "7th Francophone-ch 2019"]
[Site "Paris"]
[Date "2019.08.12"]
[Round "9.1"]
[White "Mastrovasilis, Athanasios"]
[Black "Flom, Gabriel"]
[Result "1/2-1/2"]
[WhiteElo "2518"]
[BlackElo "2494"]
[Annotator "TA"]
[PlyCount "93"]
[EventDate "2019.08.04"]
[EventType "swiss"]
[EventCountry "FRA"]
[SourceTitle "playchess.com"]
[Source "ChessBase"]
[SourceQuality "1"]

{[%evp 11,93,-10,-3,-3,-8,-18,-7,-5,-20,-46,-45,-50,-56,-66,-67,-97,-90,-73,-83,-81,-89,-106,0,0,0,0,9,0,8,8,4,11,70,70,70,70,56,66,47,63,54,37,37,37,37,15,15,0,8,8,8,0,0,0,0,0,0,0,0,0,0,0,0,0,0,0,0,0,0,0,0,0,0,0,0,0,0,0,0,0,0,0,0,0]} 1. d4 Nf6 2. Nf3 c5 3. g3 cxd4 4. Nxd4 Nc6 5. Bg2 e5 6. Nb3 d5 7. Bg5 {D02: 1 d4 d5 2 Nf3 sidelines, including 2...Nf6 3 g3 and 2...Nf6 3 Bf4} Be6 8. Bxf6 (8. O-O Be7 9. Bxf6 Bxf6 10. c4 dxc4 11. Nc5 e4 12. Nd2 Bxb2 13. Nxe6 fxe6 14. Rb1 c3 15. Bxe4 Qxd2 16. Qxd2 cxd2 17. Rxb2 {½-½ (31) Svidler,P (2734)-Karjakin,S (2753) Khanty-Mansiysk 2015}) 8... gxf6 9. O-O h5 $146 ({Predecessor:} 9... a5 10. a4 d4 11. Na3 Qb6 12. Nb5 Rd8 13. Nd2 f5 14. c3 Bh6 {0-1 (42) Cerveny,M (2379)-Biolek,R (2447) Ostrava 2018}) 10. Nc3 {[%cal Rc3d5]} d4 11. Ne4 h4 12. c3 hxg3 13. hxg3 f5 14. Nec5 {[#]} Bxc5 $1 15. Nxc5 Bd5 {Strongly threatening ...Bxg2.} 16. cxd4 {[#]} ({Not} 16. Nxb7 $2 Qd7 $19) 16... Bxg2 ({Black should play} 16... Qd6 $1 $17 17. Bxd5 Qxd5) 17. Kxg2 $11 {And now dxe5 would win.} Qd5+ 18. f3 O-O-O 19. Rc1 f4 $132 {[%mdl 2048] Black is not keeping still} 20. Qb3 Qxb3 21. Nxb3 fxg3 (21... exd4 $11 22. g4 (22. gxf4 Rdg8+ 23. Kf2 Rh2+ 24. Ke1 d3 $11) 22... Rh6) 22. dxe5 $14 Rh2+ 23. Kxg3 Rxe2 24. Na5 Kc7 25. Nxc6 bxc6 {[%mdl 4096] Endgame KRR-KRR} 26. Rc5 Rd5 27. Rxd5 cxd5 {KR-KR} 28. f4 Rxb2 {The position is equal.} 29. Rf2 Rb4 30. Rh2 {aiming for Rh7.} Kd7 31. Rh6 Ra4 32. Rd6+ Ke7 33. Rxd5 f6 34. exf6+ Kxf6 35. Rd2 Kf5 36. Rd5+ Kf6 37. Rd2 Kf5 38. Rd5+ Kf6 39. Kg4 Rxa2 40. Rd6+ Ke7 41. Rh6 Ra5 42. f5 Ra1 43. Kg5 Rg1+ 44. Kf4 Rf1+ 45. Ke5 {Threatening Rh7+.} (45. Kg5 $5 {[%cal Rh6h7]}) 45... Re1+ 46. Kf4 Rf1+ 47. Ke5 {Accuracy: White = 59%, Black = 79%.} 1/2-1/2